MDQL
is popping MORE tags! Check the
thread
!
Quizzes
Events
Quiz Creation
Community
Videos
Private Events
Remove Ads
Sign In
Join for FREE
Feedback
Dark Mode
Quiz Categories
Sports
Geography
Music
Movies
Television
Just For Fun
Miscellaneous
History
Literature
Language
Science
Gaming
Entertainment
Religion
Holiday
For Kids
Quiz Lab
Recent
Popular Today
Quiz Kudos Today
Editor Picks
Curator Picks
Quizzes by...
Day
Popularity
Type
Ratings
Length
Year
Community
Subscriptions
Recent Discussions
Orange Saloon
Badges
Playlists
Quests
Create
Leaderboards
Showdown
Live 5
Trivia Bingo
Activity
Puzzle Library
Sporcle Events
Private Events
Virtual Trivia
Globe League
Become a Host
Pub Owners
SporcleCon
Opinionation
Our Games
Videos
Blog
Mobile Apps
Partnerships
Remove Ads and Go Orange
Feedback
Entertainment
Celebrity
Famous
Musical
Broadway
Show
Quote
Comic Books
Anime
Superhero
DC Comics
Marvel
Cartoons
Animation
Entertainment
Celebrity
Famous
Musical
Broadway
Show
Quote
Comic Books
Anime
Superhero
DC Comics
Marvel
Cartoons
Animation
Random Quiz
Search Sporcle
×
Quiz Lab
Quiz Lab
Entertainment
coronation
Type in answers that appear in a list
Type in answers that appear in a list
Classic
Best Score? Go Orange.
Coronation Street Character Chains (May 2012) Stats
Can you name the Coronation Street Character Chains?
By
kwlgeorgeykwl
10m
33 Questions
3,084 Plays
3,084 Plays
3,084 Plays
Comments
Comments
Give Quiz Kudos
Give Quiz Kudos
-
- Ratings
hide this ad
More Info
No Skip
Answers have to be entered in order without skipping
Answers have to be entered in order without skipping
Wrong Answers
Some wrong answers will appear in red
Some wrong answers will appear in red
Replay
Link that replays current quiz
Next Quiz
Link to next quiz in quiz playlist
You Got
0%
They Got
Avg Score
8%
Avg Friend Score
Upgrade to see
Score Distribution
Jump to the score distribution portion of the page
Score
0/33
Timer
10:00
0
Plays Today
Clue
% Correct
?
???
100%
?
???
47.1%
?
???
19.9%
?
???
19%
?
???
18.9%
?
???
10.9%
?
???
10.2%
?
???
10.2%
?
???
7.4%
?
???
7.2%
?
???
7.2%
?
???
6.2%
?
???
1.8%
?
???
1.6%
?
???
1.5%
?
???
1.4%
?
???
1.3%
Clue
% Correct
?
???
1.3%
?
???
1.3%
?
???
1.2%
?
???
1.2%
?
???
1.1%
?
???
1%
?
???
0.9%
?
???
0.9%
?
???
0.8%
?
???
0.8%
?
???
0.8%
?
???
0.6%
?
???
0.6%
?
???
0.5%
?
???
0.5%
?
???
0.1%
Quiz Playlist
Details
Report
Send in Message
Add To Playlist
More Info:
Put full names in for example - George smith = Correct George = Wrong Smith = Wrong
Classic:
Type in answers that appear in a list
No Skip:
Answers have to be entered in order without skipping
Wrong Answers:
Some wrong answers will appear in red
Last Updated: Sep 14, 2017
Quiz Scoreboard
CHALLENGE
Sign Up to Join the Scoreboard
Show All
Scores
Hide
Comments
May contain spoilers
Recently Published
1-10 Letter E Words III
by El_Dandy
Language
2m
Street Fighter Characters
by Artimus82
Gaming
60s
College Basketball Coaching Resumes
by pancakes188
Sports
9m
More to Explore
Quiz From the Vault
Featured Blog Post
Where Did the Easter Bunny Come From?
hide this ad
You Might Also Like...
Tags
2012
Character
coronation
Coronation Street
May
street
Today's Top Quizzes in Entertainment
Browse Entertainment
hide this ad
Top Contributed Quizzes in Entertainment
1
7-to-1: DC Comics Villains
2
Marvel Characters Bunker
3
Dragon Ball Z: Goku's Fights in Order
4
Eurovision 2023 Logic Puzzle
5
Sorting Pictures: Villains
6
Criteria Quickie: Cartoon Taxonomy II
7
7-to-1: One Piece
8
Mini Trivia Sudoku: Musicals
9
One Piece Characters Order of Appearance
10
Click the Cartoon Scott
Explore More
Trending Topics
NBA
Crossword
Marvel
Kpop
Harry Potter
Anime
Disney
Soccer
WWE
The Office
NFL
Pokémon
Puzzle
Country
Song
hide this ad
More By:
kwlgeorgeykwl
Quiz
Plays
Rating
Category
Featured
Created
Coronation Street Character Chains (May 2012)
3,084
1.33
Entertainment
May 14, 2012
Go to Creator's Profile
Score Distribution
Quiz Creator Spotlight
kwlgeorgeykwl
Follow
Send a Message
Quizzes Created
-
Created Quiz Play Count
-
More By This Creator
Popular Quizzes Today
1
Find the US States - No Outlines Minefield
2
Find the Countries of Europe - No Outlines Minefield
3
The Countries of the World
4
Find the US States
5
Risky Map Clicking: Biggest States A-Z
6
US States
7
Popular People in 1961
8
Movies - When Are They Set?
More Entertainment Quizzes
Superheroes by Minecraft Skin
Editor's Pick
Trending Quizzes
Risky Map Clicking: Least Populous States A-Z
1-10 Letter G Words
1-10 Letter F Words
Countries of the World: 200 Million BC
Risky Map Clicking: Next State Alphabetically
Recently Updated
Most Oscar Losses (Acting)
pecheneg
Beyoncé Albums
pecheneg
Leaping Animals
pecheneg
Reality TV Shows (A-Z)
bhenderson79
Rickey Henderson's Hall of Fame Teammates
pecheneg
Champions League XIs: Arsenal
pecheneg
Quick Pick: Celebrities in WWE's Hall of Fame
aduchscher
A-Z Keypad Blitz II
pecheneg
Multiple Oscar Actors
pecheneg
Mystery Phrase Blitz: Oscar 'Best Actors'
pecheneg
Trending Topics
Kpop
Crossword
Harry Potter
NBA
Marvel
Disney
Anime
NFL
Soccer
Puzzle
The Office
WWE
Country
Song
Pokémon
Your Account Isn't Verified!
In order to create a playlist on Sporcle, you need to verify the email address you used during registration. Go to your
Sporcle Settings
to finish the process.
Report this User
Report this user for behavior that violates our
Community Guidelines
.
Details:
Send Report
Go to the Sporcle.com Mobile Site →
Comments